Etiqueta de registo: 00254nam 2200025 450
001 2213534
003 http://id.bnportugal.gov.pt/bib/catbnp/2213534
021 ## $aPT$b546321/25
100 ## $a20250507d2025 k y0pory01030103ba
101 1# $apor$ceng
102 ## $aPT
105 ## $aa z 000yy
106 ## $ar
200 1# $a O evangelho de João$e um guia de estudo$fPeter KuzmiÏc$gil. Lucinda Zilverberg$gtrad. Humberto J. Carvalheiro$grev. e adapt. textual Ivo Oliveira
205 ## $a2ª ed
210 #9 $aFanhões$cMEIBAD - Monte Esperança Instituto Bíblico das Assembleias de Deus em Portugal,$dD.L. 2025
215 ## $a341 p.$cil.$d30 cm
305 ## $aEd. académica - Divisão Bíblia
675 ## $a279-247.8(035)$vBN$zpor$31954785
700 #1 $aKuzmiÏc,$bPeter$31954006
702 #1 $aZilverberg,$bLucinda$4440$31954007
702 #1 $aCarvalheiro,$bHumberto J.$4730$31929333
702 #1 $aOliveira,$bIvo$4010$31948977
801 #0 $aPT$bBN$gRPC
856 41 $uhttp://rnod.bnportugal.gov.pt/ImagesBN/winlibimg.aspx?skey=&doc=2213534&img=207769&save=true
900 ## $aBIBNAC$d20250523
966 ## $lBN$mFGMON$sR. 33078 V.$x1
971 ## $corlando$d20250507
972 ## $e0$z0$d20250523$vasantos
973 ## $cacosta$d20250514
Etiqueta de registo: 00254nam 2200025 450
001 2287934
003 http://id.bnportugal.gov.pt/bib/catbnp/2287934
021 ## $aPT$b563401/26
100 ## $a20260616d2026 k y0pory01030103ba
101 1# $apor$ceng
102 ## $aPT
105 ## $aa z 000yy
106 ## $ar
200 1# $a O Evangelho de João$e um guia de estudo$fPeter KuzmiÏc$gil. Lucinda Zilverberg$gtrad. Humberto J. Carvalheiro$grev. e adapt. textual Ivo Oliveira
205 ## $a7ª ed
210 #9 $aFanhões$cMonte Esperança Instituto Bíblico das Assembleias de Deus em Portugal,$dD.L. 2025
215 ## $a342 p.$cil.$d30 cm
305 ## $aEd. académica - Divisão Bíblia - BIB 234
700 #1 $aKuzmiÏc,$bPeter$31954006
702 #1 $aCarvalheiro,$bHumberto J.$4730$31929333
702 #1 $aZilverberg,$bLucinda$4440$31954007
801 #0 $aPT$bBN$gRPC
966 ## $lBN$mFGMON$x1
971 ## $cjbeatriz$d20260616